Quizzes
Events
Quiz Creation
Community
Videos
Private Events
Remove Ads
Sign In
Join for FREE
Feedback
Dark Mode
Quiz Categories
Sports
Geography
Music
Movies
Television
Just For Fun
Miscellaneous
History
Literature
Language
Science
Gaming
Entertainment
Religion
Holiday
For Kids
Quiz Lab
Recent
Popular Today
Quiz Kudos Today
Editor Picks
Curator Picks
Quizzes by...
Day
Popularity
Type
Ratings
Length
Year
Community
Subscriptions
Recent Discussions
Orange Saloon
Badges
Playlists
Quests
Create
Leaderboards
Showdown
Live 5
Trivia Bingo
Activity
Puzzle Library
Sporcle Events
Private Events
Virtual Trivia
Globe League
Become a Host
Pub Owners
SporcleCon
Opinionation
Our Games
Videos
Blog
Mobile Apps
Partnerships
Remove Ads and Go Orange
Feedback
Gaming
Video Games
Board Games
Card Games
Pokémon
Mario
Nintendo
Minecraft
Console
Toys
Legend of Zelda
Gaming
Video Games
Board Games
Card Games
Pokémon
Mario
Nintendo
Minecraft
Console
Toys
Legend of Zelda
Random Quiz
Search Sporcle
×
Quiz Lab
Quiz Lab
Gaming
fire
Type in answers that appear in a list
Type in answers that appear in a list
Classic
Best Score? Go Orange.
Fire Emblem Series Weapon/Item Trivia Stats
Can you correctly guess which statements about Fire Emblem weapons and items are true?
By
Totodiletrainer
15m
71 Questions
425 Plays
425 Plays
425 Plays
Comments
Comments
Give Quiz Kudos
Give Quiz Kudos
-
- Ratings
hide this ad
Forced Order
Answers have to be entered in order
Answers have to be entered in order
Wrong Answers
Some wrong answers will appear in red
Some wrong answers will appear in red
Random Order
Randomize order of answers
Randomize order of answers
Replay
Link that replays current quiz
Next Quiz
Link to next quiz in quiz playlist
You Got
0%
They Got
Avg Score
57%
Avg Friend Score
Upgrade to see
Score Distribution
Jump to the score distribution portion of the page
Score
0/71
Timer
15:00
0
Plays Today
Fact
True/False
% Correct
FE14: The weapon Takumi uses in the prologue is not the real Fujin Yumi, stats wise
???
81.2%
FE4: Both the Barrier and Defense swords are obtained by having dancers visit villages
???
76.7%
FE5: There are eight swords in total that have usage restrictions (ie only certain people can use)
???
74.8%
FE13: Only archers and snipers can use 2-
3 range bows
???
74.4%
FE10: Bronze weapons first appear in this game
???
74.1%
FE8: Bonewalkers can use the Shamshir, which is usually locked to myrmidons and Eirika
???
73.6%
FE4: The Brave Axe has lower weapon rank requirement than a Silver
???
73.4%
FE5: Rapiers exist in this game, but they are not locked to lords
???
73.4%
FE9: Base Thunder, Wind and Fire tomes all possess the same hit and might
???
73.4%
FE1: The Devil Axe has the same might as the Gradivus
???
72%
FE6: Fimbulvetr is completely unobtainable in the main game
???
72%
FE3: A steel axe is more powerful than a silver axe
???
71.5%
FE11: No sword has an A rank requirement
???
71.5%
FE2: The default (unequipped) bow does not deal effective damage to fliers
???
69.9%
FE14: The 'Chopstick' has higher hit than all other shurikens
???
69.6%
FE3: In book 2, the only obtainable Bolganone outside of secret shops is in Lena's inventory
???
69.2%
FE12: The 'Master Sword' does not require max sword rank to use
???
68.2%
FE2: The Falchion has a weight of zero, despite having a weight of three in FE1
???
67.5%
FE8: The poison sword is D rank, not E rank
???
67.5%
FE5: Broken axes have a hit of 0
???
66.6%
FE4: Iron, Steel and Silver lances are all twice as powerful as Iron, Steel and Silver Swords, respectively
???
65.2%
FE11: Barrier gives the least exp of all staves
???
64.5%
FE12: The 'Mediocre' staff heals a unit for (user's mag)/
2 + 1
???
64.5%
FE7: Light Magic has one E, D, C, B, and A rank weapon, and two S rank weapons
???
64%
FE11: No dragonstone exceeds 50 hit
???
63.1%
FE9: The heaviest knife, stiletto, has the same weight as an iron lance
???
62.8%
FE13: Excluding the killer axe, Hector's axe has the highest crit of axes
???
62.6%
FE13: Dragonstones have twice as much might as beaststones
???
62.4%
FE2: The 'Shooting Star' Lance has a crit of 50
???
62.1%
FE6: The Lancereaver has an innate crit of 5
???
61.9%
FE7: Gespenst, the S rank dark tome, gives more weapon experience per use than other dark tomes
???
61.6%
FE6: The killer ballista does not actually have any innate crit
???
61.4%
FE13: Armorslayers and wyrmslayers have identical stats
???
61.4%
FE10: There are no prf lances
???
60.9%
FE11: Caeda, Minerva and Maria can all use the Aum staff
???
60%
FE13: Helswath and Armads are identical, except for Helswath being 1-
2 range
???
57.2%
Fact
True/False
% Correct
FE9: Every single bow does effective damage to fliers
???
56%
FE11: Aura and Excalibur both weigh 1
???
55.5%
FE1: All tomes are 1-
2 range
???
55.3%
FE3: If you sell four iron axes, four steel axes, four hand axes, and four devil axes, the total will still not be as much as selling a single silver axe
???
55.3%
FE6: The only axe to go above 65 hit is Armads
???
55.3%
FE8: The C rank Dragon Axe is the strongest axe in the game, excluding Garm
???
55.3%
FE5: All fire, wind and thunder tomes are worth either 2200 or 3200
???
54.4%
FE10: Breath is the only laguz weapon type to not get stronger as weapon level increases
???
54.4%
FE7: Ballista give more weapon experience than other bows
???
52.5%
FE1: The 'Knight Killer' (Horse Slayer) Lance has a higher weapon level than a Silver Lance
???
52%
FE9: The lightest staff, heal, has a weight of 0
???
51.8%
FE12: This game is the first in the series to remove weapon weight
???
51.8%
TRS: There exists a weapon called 'swordbreaker' which instantly breaks the opponent's sword if they are equipped with one
???
51.5%
FE2: No swords exceed 90 hit
???
51.1%
FE12: There exists named lances (eg 'Luke's Lance') for all three starting cavaliers
???
50.8%
FE4: The Earth Sword is the only sword in the entire game to have less than 50 uses
???
50.4%
FE7: Axes are the only physical weapon type that has every weapon's durability divisible by 5
???
50.4%
FE5: The E rank dark tome Flux is more expensive than C rank Yotsmungand
???
49.6%
FE3: More than half of the staves in the game give exactly 58 experience when used.
???
49.2%
FE10: Heal is the only staff to not have a crit bonus
???
48.7%
FE2: Nosferatu is the only black magic to not drain HP on use
???
44.9%
FE14: Five Nohrian tomes have a might of 1
???
44.9%
FE1: Compared to Bolganone, Thoron has higher might, hit, crit, and durability, and lower weight, but is less expensive
???
43.5%
FE14: All Nohrian staves are either 1 range or 1-
7 range
???
43.5%
FE6: All light tomes have at least 75 hit and 5 crit
???
42.6%
FE12: There are three bows with a brave effect (2x attack)
???
42.6%
FE3: Shaver has the highest crit of any tome in the game, with 20
???
41.2%
FE1: The barrier staff has the highest weapon level requirement of all staves
???
39.8%
FE8: Monster weapons all have infinite durability
???
39.5%
FE9: The venin lance is identical to a slim lance other than the fact it poisons
???
39.5%
FE4: Excluding Valflame, Meteor has the highest might of all fire tomes
???
38.4%
FE8: The Silver Lance appears in the game's code twice
???
38.4%
FE10: Urvan, the SS axe, gives 10 weapon experience
???
34.4%
FE14: All clubs have an innate crit of at least 5
???
32.5%
FE7: Forblaze has higher might than all other anima tomes
???
28%
Quiz Playlist
Details
Report
Send in Message
Add To Playlist
Classic:
Type in answers that appear in a list
Forced Order:
Answers have to be entered in order
Wrong Answers:
Some wrong answers will appear in red
Random Order:
Randomize order of answers
Last Updated: Feb 16, 2017
Quiz Scoreboard
CHALLENGE
Sign Up to Join the Scoreboard
Show All
Scores
Hide
Comments
May contain spoilers
Recently Published
An Introduction to Baseball
by treessimontrees
Sports
5m
Movies - When Are They Set?
by FPL_Elf
Movies
5m
Popular People in 1961
by mucciniale
History
6m
More to Explore
Quiz From the Vault
Featured Blog Post
Where Did the Easter Bunny Come From?
hide this ad
You Might Also Like...
Tags
emblem
Extra
fire
Fire Emblem
statement
Trivia
Today's Top Quizzes in Gaming
Browse Gaming
hide this ad
Today's Top Quizzes in fire
Browse fire
Top Contributed Quizzes in Gaming
1
Destiny 2 exotic weapons by perk icons
2
5-to-1: Consoles
3
Ultimate Genshin Impact Logic Puzzle (up to 4.3)
4
7-to-1: Board Game Piece Blitz
5
5-to-1: Legend of Zelda
6
Franchise by Action Figure
7
Who's on the WWE 2K24 Cover?
8
Windmill: Pokémon
9
Genshin Impact Logic Puzzle Quiz
10
Legendary or Exotic?
Explore More
Trending Topics
Kpop
Harry Potter
Crossword
Marvel
Disney
NBA
Anime
Pokémon
WWE
Soccer
Puzzle
The Office
Country
NFL
Song
hide this ad
More By:
Totodiletrainer
Quiz
Plays
Rating
Category
Featured
Created
Playable Characters in Fire Emblem: Awakening
1,314
5.00
Gaming
Nov 15, 2016
Playable Characters in Fire Emblem Fates
1,080
4.67
Gaming
Nov 21, 2016
Fire Emblem Most Popular Characters
1,037
5.00
Gaming
Feb 16, 2017
Fire Emblem Series Trivia
987
5.00
Gaming
Nov 17, 2016
Playable Characters in Fire Emblem: Blazing Sword
935
5.00
Gaming
Sep 20, 2016
Go to Creator's Profile
Score Distribution
Quiz Creator Spotlight
Totodiletrainer
Follow
Send a Message
Quizzes Created
-
Created Quiz Play Count
-
More By This Creator
Popular Quizzes Today
1
Find the Countries of Europe - No Outlines Minefield
2
Find the US States - No Outlines Minefield
3
The Countries of the World
4
Popular People in 1961
5
US States
6
Find the US States
7
1-10 Letter E Words III
8
Risky Map Clicking: Biggest States A-Z
More Gaming Quizzes
All CSGO Items
Quiz Lab
Trending Quizzes
Risky Map Clicking: Least Populous States A-Z
1-10 Letter F Words
1-10 Letter G Words
Not Quite an Element Typing Challenge
One Thing in Common: United Kingdom
Recently Updated
Leaping Animals
pecheneg
Reality TV Shows (A-Z)
bhenderson79
Rickey Henderson's Hall of Fame Teammates
pecheneg
Champions League XIs: Arsenal
pecheneg
Quick Pick: Celebrities in WWE's Hall of Fame
aduchscher
A-Z Keypad Blitz II
pecheneg
Multiple Oscar Actors
pecheneg
Mystery Phrase Blitz: Oscar 'Best Actors'
pecheneg
F. Scott Fitzgerald Novels
LTH
Pick 3 Villains
ddd62291
Trending Topics
Disney
Crossword
Harry Potter
Marvel
NBA
Kpop
Anime
Song
Pokémon
Soccer
The Office
WWE
Puzzle
Country
NFL
Your Account Isn't Verified!
In order to create a playlist on Sporcle, you need to verify the email address you used during registration. Go to your
Sporcle Settings
to finish the process.
Report this User
Report this user for behavior that violates our
Community Guidelines
.
Details:
Send Report
Go to the Sporcle.com Mobile Site →
Comments